000 00541nam a2200181Ia 4500
001 4773
005 20260306145820.0
008 260306t2018||||xx |||||||||||||| ||spa||
041 _aESP
082 _a330.019
_bT45
100 _aThaler, Richard H.
_eAUT
245 0 _aTodo lo que he aprendido con la psicología económica:
_bel encuentro entre la economía y la psicología, y sus implicaciones para los individuos
260 _c2018
300 _a523 páginas :
_c23 cm.
650 _aGEN
654 _aCAN
942 _cLIB
_dJUS
_fJUS
_2ddc
_n
999 _c4773
_d4773